000169686 001__ 169686 000169686 005__ 20260304131018.0 000169686 037__ $$aTAZ-TFG-2026-333 000169686 041__ $$aspa 000169686 1001_ $$aGracia Hernando, Lucas 000169686 24200 $$aThe Evolution of the Population in Aragon and Its Territorial Imbalances (2000-2024) 000169686 24500 $$aLa evolución de la población en Aragón y sus desequilibrios territoriales (2000-2024) 000169686 260__ $$aZaragoza$$bUniversidad de Zaragoza$$c2026 000169686 506__ $$aby-nc-sa$$bCreative Commons$$c3.0$$uhttp://creativecommons.org/licenses/by-nc-sa/3.0/ 000169686 520__ $$aEste Trabajo Fin de Grado desarrollado en colaboración con la Cátedra DPZ sobre Despoblación y Creatividad analiza la evolución demográfica de Aragón entre 2000 y 2024, prestando especial atención a los desequilibrios territoriales a escala comarcal y municipal. El estudio distingue tres etapas: el crecimiento previo a la crisis económica de 2008, el periodo de retroceso demográfico asociado a dicha crisis y la posterior recuperación, caracterizada por una fuerte desigualdad territorial. Los resultados muestran un claro desequilibrio demográfico, con un crecimiento concentrado en Zaragoza y su área metropolitana frente a un amplio territorio rural afectado por la despoblación, el envejecimiento y los desequilibrios por sexo. El análisis de los componentes del crecimiento pone de relieve el papel clave de la inmigración nacida en el extranjero como principal motor del aumento poblacional para todo el periodo, en un contexto de crecimiento vegetativo negativo. Asimismo, se identifican los territorios más afectados y aquellos que concentran el crecimiento. <br /><br /> 000169686 521__ $$aPrograma conjunto en ADE/DERECHO (Grados) 000169686 540__ $$aDerechos regulados por licencia Creative Commons 000169686 691__ $$a0 000169686 692__ $$a 000169686 700__ $$aPalacios Mateo, Adrián$$edir. 000169686 7102_ $$aUniversidad de Zaragoza$$bEstructura e Historia Económicas y Economía Pública$$c 000169686 8560_ $$f816094@unizar.es 000169686 8564_ $$s258468$$uhttps://zaguan.unizar.es/record/169686/files/TAZ-TFG-2026-333_ANE.pdf$$yAnexos (spa) 000169686 8564_ $$s789246$$uhttps://zaguan.unizar.es/record/169686/files/TAZ-TFG-2026-333.pdf$$yMemoria (spa) 000169686 909CO $$ooai:zaguan.unizar.es:169686$$pdriver$$ptrabajos-fin-grado 000169686 950__ $$a 000169686 951__ $$adeposita:2026-03-04 000169686 980__ $$aTAZ$$bTFG$$cECON 000169686 999__ $$a20260209113025.CREATION_DATE